000 00755nam a2200205Ia 4500
003 GCL
008 140319s9999 xx 000 0 ara d
040 _aGCL /
_cGCL
082 0 4 _a001.6424
_bن م
100 1 _aسرور على ابراهيم سرور
245 1 0 _aنظريات ومسائل فى البرمجة بلغة الكوبل /
_cسرور على ابراهيم سرور
700 1 _aنيوكومر , لورنس
260 _a[S.N] :
_bالدار الدولية للنشر والتوزيع ،
_c1991
300 _a520 ص
490 _aسلسلة ملخصات شوم
_v0
650 0 4 _aالحاسبات الالكترونية
650 0 4 _aالكوبول
650 0 4 _aالحاسبات الالكترونية - برامج
942 _2ddc
_cBK
999 _c39264
_d39264